000 00315nam a22001457a 4500
020 _a81-8153-316-X
082 _a823
_bMEE/B
100 _aMEENA
245 _aBOG BOOK OF FAIRY TALES
250 _a1
260 _aDELHI
_bRAIN BOW BOOKS
_c2005
300 _a96
650 _aENGLISH SHORT STORY
_zDELHI
942 _cBK
999 _c3102
_d3102